El automóvil del Rey (Record no. 114985)

MARC details
000 -LEADER
campo de control de longitud fija 01055nam a2200277 i 4500
001 - NÚMERO DE CONTROL
campo de control 114985
003 - IDENTIFICADOR DE NÚMERO DE CONTROL
campo de control ES-MaACL
005 - FECHA Y HORA DE LA ÚLTIMA TRANSACCIÓN
campo de control 20260315204633.0
007 - CAMPO FIJO DE DESCRIPCIÓN FÍSICA--INFORMACIÓN GENERAL
campo de control de longitud fija t|
008 - DATOS DE LONGITUD FIJA--INFORMACIÓN GENERAL
campo de control de longitud fija 070214s1928 sp ||||1| spa d
080 ## - NÚMERO DE LA CLASIFICACIÓN DECIMAL UNIVERSAL
Número de la Clasificación Decimal Universal 840-22"19"
100 1# - ENTRADA PRINCIPAL--NOMBRE DE PERSONA
Nombre de persona Natanson, Jacques.
9 (RLIN) 84985
245 13 - MENCIÓN DEL TÍTULO
Título El automóvil del Rey
Resto del título : comedia en tres actos /
Mención de responsabilidad, etc. Natanson y Orbok ; en colaboración con J.J. Cadenas y E.F. Gutierraz-Roig ; dibujos de Barbero.
260 ## - PUBLICACIÓN, DISTRIBUCIÓN, ETC.
Lugar de publicación, distribución, etc. Madrid :
Nombre del editor, distribuidor, etc. Rivadeneyra,
Fecha de publicación, distribución, etc. 1928.
300 ## - DESCRIPCIÓN FÍSICA
Extensión 66 p. :
Otras características físicas il. ;
Dimensiones 17 cm.
490 1# - MENCIÓN DE SERIE
Mención de serie La Farsa ;
Designación de volumen o secuencia 64
500 ## - NOTA GENERAL
Nota general Estrenada con gran éxito en el Teatro Lara, de Madrid, el día 25 de octubre de 1928.
500 ## - NOTA GENERAL
Nota general Cubierta de este número: Pedro Crespo, inmortalizado por Calderón de la Barca en El Alcalde de Zalamea.
700 1# - ENTRADA AGREGADA--NOMBRE PERSONAL
Nombre de persona Orbok, A. M.
9 (RLIN) 87159
700 1# - ENTRADA AGREGADA--NOMBRE PERSONAL
Nombre de persona Cadenas, José Juan.
9 (RLIN) 33383
700 1# - ENTRADA AGREGADA--NOMBRE PERSONAL
Nombre de persona Gutiérrez-Roig, Enrique F.
9 (RLIN) 61218
700 0# - ENTRADA AGREGADA--NOMBRE PERSONAL
Nombre de persona Alonso
Títulos y otros términos asociados al nombre (ilustrador)
9 (RLIN) 20301
830 0# - PUNTO DE ACCESO ADICIONAL DE SERIE-TÍTULO UNIFORME
Título uniforme La Farsa ;
Designación de volumen o secuencia 64
9 (RLIN) 185863
852 ## - LOCALIZACIÓN
Ubicación ES-MaACL
Número de control de estantería C-13189
Holdings
Estatus retirado Estado de pérdida Estado de daño No para préstamo Biblioteca de origen Biblioteca actual Ubicación en estantería Fecha de adquisición Fuente de adquisición Total de préstamos Signatura topográfica completa Código de barras Visto por última vez Precio de reemplazo Tipo de ítem Koha
        Biblioteca del Ateneo de Madrid Biblioteca del Ateneo de Madrid Sala Palomar 17/01/2008     C-13189 1119906 23/02/2023 23/02/2023 Libro impreso